Australian Political Parties Quiz Stats

 Plays Quiz not verified by Sporcle

Also try: Tropical Fruits
Challenge
Share
Tweet
Embed
Score 0/53 Timer 05:00
0 Plays Today
Policy Direction (Excepting major partie Party Name % Correct
MajorAustralian Labor Party
97.1%
EnvironmentalAustralian Greens
87.3%
MajorLiberal Party of Australia
87.3%
Rural InterestsNational Party of Australia
87.3%
Family ValuesFamily First Party
74.5%
DevelopmentPalmer United Party
68.6%
NationalistOne Nation
66.7%
LibertarianismAustralian Sex Party
61.8%
LibertarianismLiberal Democratic Party
55.9%
DemocratisationAustralian Democrats
52%
NationalistKatter's Australia Party
41.2%
Outdoor RecreationShooters and Fishers Party
41.2%
Family ValuesChristian Democratic Party
38.2%
TransportAustralian Motoring Enthusiast Party
37.3%
SocialismSocialist Alliance
34.3%
Narcotics ReformHelp End Marijuana Prohibition (HEMP) Party
31.4%
DistributionistDemocratic Labour Party
28.4%
TransportBullet Train for Australia
26.5%
Animal RightsAnimal Justice Party
23.5%
Social ReformNick Xenophon Group
21.6%
Outdoor RecreationAustralian Sports Party
18.6%
DemocratisationThe Wikileaks Party
17.6%
Outdoor RecreationOutdoor Recreation Party (Stop the Greens)
16.7%
LibertarianismPirate Party Australia
16.7%
Family ValuesAustralian Christians
11.8%
Population ControlAustralian Stable Population Party
10.8%
RepublicanismRepublican Party of Australia
10.8%
Policy Direction (Excepting major partie Party Name % Correct
HumanismSecular Party of Australia
10.8%
NationalistCitizens Electoral Council of Australia
9.8%
TechnologistFuture Party
8.8%
NationalistAustralia First Party (NSW) incorporated
7.8%
NationalistRise Up Australia Party
7.8%
Minority RightsVoluntary Euthanasia Party
7.8%
Rural InterestsCountry Liberals (Northern Territory)
6.9%
DemocratisationSenator Online (Internet Voting Bills
6.9%
Minority RightsSmokers Rights Party
5.9%
SocialismSocialist Equality Party
5.9%
Minority RightsAustralian First Nations Political Party
4.9%
Outdoor RecreationAustralian Fishing and Lifestyle Party
4.9%
NationalistAustralian Protectionist Party
4.9%
Narcotics ReformDrug Law Reform Party
4.9%
DevelopmentBuilding Australia Party
3.9%
Outdoor RecreationCountry Alliance
3.9%
DemocratisationAustralian Voice Party
2.9%
Economic ReformBank Reform Party
2.9%
Minority RightsCarers Alliance
2.9%
NationalistAustralian Sovereignty Party
2%
DemocratisationCoke in the Bubblers Party
2%
MinimalistNo Carbon Tax Climate Sceptics
2%
DemocratisationThe 23 Million
2%
EnvironmentalStop CSG Party
1%
Minority RightsNon-Custodial Parents Party (Equal Parenting)
0%
NationalistUniting Australia Party
0%

You're not logged in!

Compare scores with friends on all Sporcle quizzes.
OR
Log In

You Might Also Like...

Show Comments

Extras

Top Quizzes Today


Score Distribution

Your Account Isn't Verified!

In order to create a playlist on Sporcle, you need to verify the email address you used during registration. Go to your Sporcle Settings to finish the process.

Report this User

Report this user for behavior that violates our Community Guidelines.

Details: